000 01225njm a22002777a 4500
005 20100901115333.0
006 a|||||r|||||00| 0
007 sd ammalaaahaa
008 100901t xxu||||| |||| 00| 0 eng d
028 _aN 54010
_bHis Master Voice
035 _aGR-01008
040 _aSED
_cSED
100 _aMahmood, Talat
_917891
245 _aChaandi Ki Diwar /
_cby Talat Mahmood [and] Asha Bhosle ; lyrices by Ludhianvi ; Musices by N. Dutta
_h[Sound recording]
246 _aचांदी की दिवार / तलत महमूद
260 _aDUM DUM, India
_bHis Master Voice
300 _a1 Sound disc [Gramophone Recording] :
_banalog, 33 1/3 rpm
_c9.5 in. (MP)
_fGramophone Record
500 _aBrief record
505 _aSide-1 अश्कों ने जो पाया है ( ashko ne jo paya hae) (Talat Mahmood ) --Side-2 लागे तोले नैन (lage tole naen) (Asha Bhosle)
650 _aClassical music
_xExcerpts
_zIndia
_917892
700 _aBhosle, Asha
_918579
700 _aDutta, N.
_918709
700 _aLudhianvi
_918710
942 _2ddc
_cGR
999 _c44183
_d44183